| 000 | 01038cam a22002893a 4500 | ||
|---|---|---|---|
| 001 | 7677 | ||
| 003 | PGUSA | ||
| 005 | 20140828083147.0 | ||
| 008 | 050301s2005||||xxu|||||s|||||000 1 eng d | ||
| 040 |
_aPGUSA _beng |
||
| 042 | _adc | ||
| 050 | 4 | _aPR | |
| 100 | 1 |
_aLytton, Edward Bulwer Lytton, Baron, _d1803-1873 |
|
| 245 | 1 | 0 |
_aHarold : _bthe Last of the Saxon Kings — Volume 06 _h[electronic resource] / _cEdward Bulwer Lytton, Baron Lytton |
| 260 |
_bProject Gutenberg, _c2005 |
||
| 506 | _aPublic domain in the USA. | ||
| 516 | _aElectronic text | ||
| 653 | _aHarold, King of England, 1022?-1066 -- Fiction | ||
| 653 | _aGreat Britain -- Kings and rulers -- Fiction | ||
| 653 | _aGreat Britain -- History -- Edward, the Confessor, 1042-1066 -- Fiction | ||
| 653 | _aWilliam I, King of England, 1027 or 8-1087 -- Fiction | ||
| 653 | _aAnglo-Saxons -- Kings and rulers -- Fiction | ||
| 653 | _aBiographical fiction | ||
| 830 | 0 |
_aProject Gutenberg _v7677 |
|
| 856 | 4 | 0 | _uhttp://www.gutenberg.org/ebooks/7677 |
| 942 | _cEB | ||
| 999 |
_c236977 _d236977 |
||